000 00363nam a22001337a 4500
082 _aT-16
100 _aTariq Mahmood
_947975
245 _aEffect of Plasticizers on workability and strength of concrete
_cTariq Mahmood
260 _aRisalpur
_bMCE
_c7-4-1997
300 _a136p.:
_c40cm.
526 _a0
_b0
_c0
_dT_16
650 _aThesis
_934811
942 _2ddc
_cBK
999 _c551371
_d551371